Asesoramiento de grupos

Guardat en:
Dades bibliogràfiques
Autor principal: Hansen, James C (Autor)
Format: Llibre
Idioma:espanyol
Publicat: Ciudad de México El manual moderno 1981
Matèries:
Etiquetes: Afegir etiqueta
Sense etiquetes, Sigues el primer a etiquetar aquest registre!

MARC

LEADER 00000nam a2200000 a 4500
001 UCY7359
003 CL-VaPUC
008 950609e19810000MX |||||||||||||||||spa|d
082 0 4 |a 302.3  |b HAN  |2 21 
100 |a Hansen, James C  |e author  |9 357271 
245 1 0 |a Asesoramiento de grupos 
300 |a 464 p 
942 |c BK 
945 |d 19950609 00:00:00  |a lriquelm 
260 |a Ciudad de México  |b El manual moderno  |c 1981 
650 7 |a GRUPOS  |2 CL-VaPUC  |9 336429 
650 0 |a Psicología social   |9 222894 
650 7 |a DESARROLLO DE LA PERSONALIDAD  |2 CL-VaPUC  |9 311216 
650 0 |a Dinámica de grupos   |9 259862 
650 0 |a Liderazgo  |9 271835 
583 |a last modification  |c 19950609 00:00:00  |k Rodrigo Vera 
999 |c 234760  |d 234758 
952 |0 0  |1 0  |4 0  |6 302_300000000000000_HAN_1981  |7 0  |8 A  |9 241440  |a BIBEDU  |b BIBEDU  |d 2019-11-18  |i 1518070  |o 302.3 HAN 1981  |p 1518070  |r 2019-11-18  |w 2019-11-18  |y BK  |k EDU